<?xml version="1.0" encoding="UTF-8"?>
<collection xmlns="http://www.loc.gov/MARC21/slim">
  <record>
    <leader>00000nam  2200000   4500</leader>
    <controlfield tag="001">INLIS000000000000590</controlfield>
    <controlfield tag="005">20240619112429</controlfield>
    <datafield tag="035" ind1="#" ind2="#">
      <subfield code="a">0010-0718000590</subfield>
    </datafield>
    <controlfield tag="008">240619################g##########0#ind##</controlfield>
    <datafield tag="020" ind1="#" ind2="#">
      <subfield code="a">978 602 217 288 8</subfield>
    </datafield>
    <datafield tag="082" ind1="#" ind2="#">
      <subfield code="a">352.29</subfield>
    </datafield>
    <datafield tag="084" ind1="#" ind2="#">
      <subfield code="a">352.29 LUK b</subfield>
    </datafield>
    <datafield tag="100" ind1=" " ind2="#">
      <subfield code="a">Lukman, Mediya</subfield>
    </datafield>
    <datafield tag="245" ind1="1" ind2="#">
      <subfield code="a">Badan Layanan Umum :</subfield>
      <subfield code="b">Dari Birokrasi Menuju Korporasi /</subfield>
      <subfield code="c">Mediya Lukman</subfield>
    </datafield>
    <datafield tag="260" ind1="#" ind2="#">
      <subfield code="a">Jakarta :</subfield>
      <subfield code="b">Bumi Aksara,</subfield>
      <subfield code="c">2013</subfield>
    </datafield>
    <datafield tag="300" ind1="#" ind2="#">
      <subfield code="a">xxii, 278 halaman :</subfield>
      <subfield code="b">ilus ;</subfield>
      <subfield code="c">23 cm</subfield>
    </datafield>
    <datafield tag="650" ind1="#" ind2="4">
      <subfield code="a">Organisasi Departemen, Struktur Departemen</subfield>
    </datafield>
    <datafield tag="520" ind1="#" ind2="#">
      <subfield code="a">Apa itu Badan Layanan Umum/Daerah (BLU/D)? "Alien" yang datang dari planet apa? Apa beda BLU/D dengan BUMN/D ataupun institusi birokrasi pemerintahan biasa? Pertanyaan-pertanyaan seperti ini menyeruak dalam benak masyarakat jika ditanya mengenai BLU/D. Popularitas institusi penyelenggaraan layanan publik yang berbentuk BLU/D masih kalah jauh dari "saudara tuanya" yang berbentuk BUMN/D. Bahkan dibandingkan dengan "saudara mudanya" yang lahir dengan penuh kontroversi, sebagaimana Perguruan Tinggi yang berbentuk BHMN ataupun BPJS, pamor BLU/D masih kalah mentereng. BLU/D merupakan sebuah bentuk institusi penyelenggaraan layanan publik yang berkarakter khusus dengan adanya diskresi, fleksibilitas, dan otonomi tata kelola dalam penyediaan layanan publik. Konsep yang dinikmati oleh BLU/D tersebut merupakan imbas dari terpaan "gelombang tsunami" mengenai reformasi sektor publik yang bersumber dari Inggris pada tahun 1980-an hingga menghantam benua Amerika, Asia dan Afrika di awal tahun 2000-an. Reformasi muncul seiring dengan munculnya paradigma baru atau "mazhab" Manajemen Publik Baru (New Public Management/NPM) yang menggantikan paradigma Administrasi Publik Lama, yang ditengarai belum mampu mengatasi penyakit akut yang menghinggapi organisasi publik, seperti tidak efisiennya penyelenggaraan layanan publik, tambunnya aparatur pemerintah, kinerja yang tidak jelas, bahkan pengabaian terhadap suara dan kebutuhan konsumen. Transformasi institusi publik dalam paradigma NPM didesain ulang ke dalam bentuk agencification dengan menekankan pada kebebasan/otonomi manajerial dan tata kelola sebagaimana institusi korporasi/bisnis (private-like manner).</subfield>
    </datafield>
    <datafield tag="990" ind1="#" ind2="#">
      <subfield code="a">141217182</subfield>
    </datafield>
    <datafield tag="990" ind1="#" ind2="#">
      <subfield code="a">141217181</subfield>
    </datafield>
  </record>
</collection>
